Vollständiges Diarium : Von der Höchst-beglückten Erwehlung Des Allerdurchlauchtigsten Großmächtigsten und Unüberwindlichsten Fürsten und Herrn, Herrn Franciscus, Königs zu Jerusalem, Herzogs zu Lothringen und Baar ... Zum Römischen König und Kayser Worin die Merckwürdigsten Handlungen und Begebenheiten enthalten, Mit Kupfferstichen und Schematischen Vorstellungen versehen Nebst einer Vorrede, Von den Vorzügen des Regierenden Hauses bey den Teutschen Königs- und Keyser- Wahlen. [T.1]

Hlavní autor: Olenschlager, Johann Daniel von, 1711-1778
Další autoři: Jung, Johann David
Jazyk: Němčina
Vydáno: Franckfurt am Mayn : Verlegt von Johann David Jung, 1746
Témata:
Fyzický popis: [106], 276, 36, [2], 26, [4], 56, [10], 30 s., [7] příl. ; 2°
Knihy
Uloženo v:
LEADER 02197nam a2200373 a 4500
001 mzk03001077128
003 CZ BrMZK
005 20141103130720.0
007 ta
008 091211s1746 gw f fr|||||00| ||gerod
040 |a BOA001  |b cze 
072 7 |a 094  |x Staré tisky  |2 Konspekt  |9 12 
080 |a (0.068)094  |2 MRF 
100 1 |a Olenschlager, Johann Daniel von,  |d 1711-1778  |7 ola2004253799  |4 aui 
245 1 0 |a Vollständiges Diarium :  |b Von der Höchst-beglückten Erwehlung Des Allerdurchlauchtigsten Großmächtigsten und Unüberwindlichsten Fürsten und Herrn, Herrn Franciscus, Königs zu Jerusalem, Herzogs zu Lothringen und Baar ... Zum Römischen König und Kayser Worin die Merckwürdigsten Handlungen und Begebenheiten enthalten, Mit Kupfferstichen und Schematischen Vorstellungen versehen Nebst einer Vorrede, Von den Vorzügen des Regierenden Hauses bey den Teutschen Königs- und Keyser- Wahlen.  |n [T.1] 
246 3 3 |a Römischen Kaysers Franciskus Wahl und Crönungs Diarium 
260 |a Franckfurt am Mayn :  |b Verlegt von Johann David Jung,  |c 1746 
300 |a [106], 276, 36, [2], 26, [4], 56, [10], 30 s., [7] příl. ;  |c 2° 
500 |a Výzdoba: Předtitul, mědirytový frontispis (I. F. le Clers, del.; Portrait Grave par A. Reinhardt; M. Rößler, sculpsit), titulní strana tištěna červeně a černě, vlysy, mědirytové přílohy, viněty 
501 |a Obsahuje: Přívazek Vollständiges Diarium ... / Johann Daniel von Olenschlager 
563 |a Původní kožená vazba, spodní část hřbetu natřena červenou barvou 
590 |a Silně poškozeno vlhkem - okraje stránek chybí, ztráta textu; plíseň 
655 7 |a staré tisky  |7 fd422076  |2 czenas 
700 1 |a Jung, Johann David  |4 dto 
903 |a RP 
910 |a BOA001  |b CH-0007.258,1 
978 |b Jung, Johann David  |a Frankfurt a.M.  |c 1746 
984 |a Frankfurt nad Mohanem  |b Německo 
985 |a 1701-1750 
990 |a BK 
993 |a Y 
991 |k mzk 
996 6 |b 2610407505  |c CH-0007.258,1  |l stud. ST  |r Sklad / do násl. otevíracího dne  |n 0  |h Turm.I.G.10  |w 001101060  |x 9  |u 000010  |a 1  |e BOA001  |s P 
994 |a DN  |l MZK03  |b 001077133  |m záznam 1. díla (pro objednání pokračujte kliknutím)  |n přívazek